00446nam a2200205Ia 4500003000900000008004100009040001300050040001300063041000900076100001300085245005100098250001000149260001400159260000900173300001100182300001000193490000600203700002300209700000800232IT-RoPAU120407s9999 xx 000 0 und d aIT-RoPAU cIT-RoPAU alat  aIrenaeus aPraelectiones philosophiae moralis seu etichae aRoma  aDesclée c1913 a429 p. c21 cm v1 aIoanne Evangelista csan